"Gán thu bù chi" và "cấp phát kinh phí ủy quyền" liệu có phải là những hình thức cấp phát kinh phí từ ngân sách nhà nước /
Guardado en:
| Autor principal: | |
|---|---|
| Formato: | Artículo |
| Lenguaje: | Vietnamese |
| Materias: | |
| Etiquetas: |
Agregar Etiqueta
Sin Etiquetas, Sea el primero en etiquetar este registro!
|
| Thư viện lưu trữ: | Thư viện Trường Đại học Đà Lạt |
|---|
| LEADER | 00881nam a2200277 4500 | ||
|---|---|---|---|
| 001 | DLU090076628 | ||
| 005 | ##20090619 | ||
| 040 | # | # | |a DLU |b vie |
| 041 | # | # | |a vie |
| 044 | # | # | |a vn |
| 100 | # | # | |a Nguyễn Thị Anh Vân, |c ThS. |
| 245 | # | # | |a "Gán thu bù chi" và "cấp phát kinh phí ủy quyền" liệu có phải là những hình thức cấp phát kinh phí từ ngân sách nhà nước / |c Nguyễn Thị Anh Vân. |
| 653 | # | # | |a Cấp phát |
| 653 | # | # | |a Hình thức |
| 653 | # | # | |a Kinh phí |
| 653 | # | # | |a Ngân sách nhà nước |
| 773 | # | # | |t Luật học |g Số 6, 1997, tr. 35-37 |
| 920 | # | # | |a Phòng Tạp chí -- Trung tâm Thông tin - Thư viện Trường Đại học Đà Lạt |
| 994 | # | # | |a DLU |
| 900 | # | # | |a True |
| 911 | # | # | |a Nguyễn Thị Mai Anh |
| 925 | # | # | |a G |
| 926 | # | # | |a A |
| 927 | # | # | |a BB |
| 980 | # | # | |a Thư viện Trường Đại học Đà Lạt |